The Earliest Life of Gregory the Great : (Record no. 604609)

MARC details
000 -LEADER
fixed length control field 00548nam a2200193 a 4500
008 - FIXED-LENGTH DATA ELEMENTS--GENERAL INFORMATION
fixed length control field 251224s1968##################000#0#eng##
020 ## - INTERNATIONAL STANDARD BOOK NUMBER
ISBN 9780521313841
082 04 - DEWEY DECIMAL CLASSIFICATION NUMBER
Classification number 270.2092
Item number COL
100 1# - MAIN ENTRY--AUTHOR NAME
Personal name Whitby, Anonymous monk of,
245 10 - TITLE STATEMENT
Title The Earliest Life of Gregory the Great :
260 ## - PUBLICATION, DISTRIBUTION, ETC. (IMPRINT)
Name of publisher Cambridge University Press,
Year of publication 1968.
300 ## - PHYSICAL DESCRIPTION
Number of Pages 200 pages
650 #0 - SUBJECT ADDED ENTRY--TOPICAL TERM
Topical Term Biography & Autobiography.
942 ## - ADDED ENTRY ELEMENTS (KOHA)
Koha item type English Books
Holdings
Withdrawn status Lost status Damaged status Not for loan Home library Current library Shelving location Date acquired Full call number Accession Number Price effective from Koha item type
        Anna Centenary Library Anna Centenary Library 3RD FLOOR, B WING 26.12.2025 270.2092 COL 246740 26.12.2025 English Books

Find us on the map